The very rich hours of Le Boulvé /

Bibliographic Details
Main Author: Gross, Anthony, 1905-1984
Format: Book
Language:English
Published: Cambridge, England : Rampant Lions Press, 1980.
Subjects:

MARC

Tag First Indicator Second Indicator Subfields
LEADER 00000cam a2200000 a 4500
001 in00002589521
005 20151201150251.0
008 100503s1980 enka b 000 0 eng
010 |a  81481347  
029 1 |a AU@  |b 000002109351 
035 |a (OCoLC)ocm07876156 
035 |a (OCoLC)07876156 
035 |a (OCoLC)7876156 
040 |a DLC  |c DLC  |d BTCTA  |d OCLCG  |d OCLCA  |d UKTTE  |d TXA  |d UtOrBLW 
043 |a e-fr--- 
049 |a TXAM 
050 0 0 |a DC801.L46367  |b G76 
082 0 0 |a 944/.73  |2 19 
090 |a DC801.L44  |b G76 1980 
100 1 |a Gross, Anthony,  |d 1905-1984. 
245 1 4 |a The very rich hours of Le Boulvé /  |c [written and illustrated with twenty-six etchings and engravings on copper by Anthony Gross ; with a foreword by David Garnett]. 
264 1 |a Cambridge, England :  |b Rampant Lions Press,  |c 1980. 
300 |a 110 pages :  |b illustrations ;  |c 34 cm. 
336 |a text  |b txt  |2 rdacontent 
337 |a unmediated  |b n  |2 rdamedia 
338 |a volume  |b nc  |2 rdacarrier 
500 |a "120 copies numbered 1-120 and signed by Anthony Gross ... and 15 copies numbered I-XV and signed ..., with an extra set of the engravings ... and an original working drawing"--page [7]. 
500 |a The Cushing Library/Lit./Mitchell copy is number C "for David Garnett". 
500 |a The Cushing Library/Lit./Mitchell copy in slipcase. 
504 |a Bibliography: pages 109-110. 
536 |a The Cushing Library/Lit./Mitchell copy was acquired by Cushing as part of the David Garnett Family Books Collection. 
651 0 |a Le Boulvé (France)  |x Description and travel. 
600 1 4 |a Gross, Anthony,  |d 1905-1984. 
938 |a Baker and Taylor  |b BTCP  |n 81481347 //r92 
948 |a cataloged  |b h  |c 2010/10/5  |d c  |e hgolay  |f 4:11:00 pm 
994 |a C0  |b TXA 
999 |a MARS 
999 f f |s ec4ff2e2-329c-38ac-b60c-7c478928f2d6  |i 36a651ce-60f5-3ee9-8238-5dd83dade1c2  |t 0 
952 f f |p noncirc  |a Texas A&M University  |b College Station  |c Cushing Memorial Library & Archives  |d Cushing: Literature/Mitchell (Does not check out)  |t 0  |e DC801.L44 G76 1980  |f Oversize  |h Library of Congress classification  |i unmediated -- volume 
998 f f |a DC801.L44 G76 1980  |t 0  |l Cushing: Literature/Mitchell (Does not check out)